| 000 | 00437nam a2200169 i 4500 | ||
|---|---|---|---|
| 001 | bg | ||
| 100 | 1 | _aDŻELEPOV, B. S. | |
| 245 | 0 |
_aSvojstvo deformirovannych jader / _cB.S. Dżelepov, G.F. Dranicyna, V.M. Michajlov. |
|
| 260 |
_aLeningrad, _c1971. |
||
| 700 | 1 | _aDRANICYNA, G. F. | |
| 700 | 1 | _aMICHAJLOV, V. M. | |
| 040 | _cBPK | ||
| 041 | _apol | ||
| 080 | _a539.16 | ||
| 942 | _cKS | ||
| 008 | s pl f |000 0 pol | ||
| 999 |
_c14560 _d14560 |
||
| 856 |
_uhttp://koha.tu.koszalin.pl/cgi-bin/koha/opac-detail.pl?biblionumber=14560 _yKatalog online BPK |
||